000 00266nam a2200097Ia 4500
008 201217s9999 xx 000 0 und d
100 _aUllmann, Julian R.
245 0 _aMicrocomputer technology : An introduction
260 _aAllahabad
_bA. H. Wheeler & Co.
942 _cBK
999 _c7137
_d7137